Elliptic-curve cryptography

Salvato in:
Dettagli Bibliografici
Autore principale: Ziman, Erik (Autore)
Altri autori: Hromada, Viliam (Relatore della tesi)
Natura: Manoscritto Libro
Lingua:slovacco
inglese
Pubblicazione: Bratislava : STU v Bratislave FEI, 2025
Soggetti:
Accesso online:https://opac.crzp.sk/?fn=detailBiblioFormChildCDJAJS&sid=BA75C2D62745AD5727E5959ED92F&seo=CRZP-detail-kniha
Tags: Aggiungi Tag
Nessun Tag, puoi essere il primo ad aggiungerne!!

MARC

LEADER 00000ntm a22000003a 4500
001 stuzp103695
003 SK-STU
005 20260128105943.7
007 ta
008 150427s2015----xo-----f-mn---000-0-slo-d
040 |a STU  |b slo 
041 0 |a eng 
044 |a xo 
100 1 |a Ziman, Erik  |u 035000  |4 aut  |U FEI Fakulta elektrotechniky a informatiky  |T FEI Ústav informatiky a matematiky  |X 120504  |U E050  |Y 816  |7 120504 
242 0 1 |a Kryptografia na báze eliptických kriviek  |y slo 
245 1 0 |a Elliptic-curve cryptography 
260 |a Bratislava :  |b STU v Bratislave FEI,  |c 2025 
300 |a 49 s. 
650 4 |a ECDLP  |2 slo 
650 4 |a Baby-Step Giant-Step  |2 slo 
650 4 |a Pollardov Rho algoritmus  |2 slo 
650 4 |a Shamirov trik  |2 slo 
650 4 |a ECDLP  |2 eng 
650 4 |a Baby-Step Giant-Step  |2 eng 
650 4 |a Pollard’s Rho method  |2 eng 
650 4 |a Shamir’s Trick  |2 eng 
700 1 |a Hromada, Viliam  |u 035000  |k Z1  |4 ths  |U FEI Fakulta elektrotechniky a informatiky  |T FEI Ústav informatiky a matematiky  |X 36029  |U E050  |Y 816  |7 A000036029 
856 4 |u https://opac.crzp.sk/?fn=detailBiblioFormChildCDJAJS&sid=BA75C2D62745AD5727E5959ED92F&seo=CRZP-detail-kniha